| 000 | 00338nam a2200133Ia 4500 | ||
|---|---|---|---|
| 008 | 210430s9999 xx 000 0 und d | ||
| 020 | _a978-0-07-067743-2 | ||
| 082 | _a660. P477 E | ||
| 100 | _aPeters | ||
| 245 |
_aElementary Chemical Engineering 2nd _cPeters |
||
| 260 |
_aNew Delhi _bTATA _c2009 |
||
| 300 | _a381P | ||
| 942 |
_cBK _2ddc |
||
| 999 |
_c564934 _d564934 |
||